Music Quiz

Random Music or Song Quiz

Ultimate Music Quiz Part III (clips) Stats

 Plays Quiz not verified by Sporcle

Score 0/71 Timer 20:00
1 Play Today
Start Time Song Title % Correct
0:34We Will Rock You
94.5%
0:57Sweet Child o' Mine
88.1%
1:03SexyBack
83.5%
4:36Losing My Religion
77.8%
4:13I Want It That Way
77.4%
4:48All Star
76.2%
1:49(I Can't Get No) Satisfaction
75.5%
5:34Smooth Criminal
74.5%
2:00Who Let the Dogs Out?
74.1%
4:42Baby Got Back
72.9%
2:28Another Brick in the Wall
72.3%
3:21Dani California
70.6%
0:17Free Bird
69.8%
3:15The Joker
64.2%
4:07Everytime We Touch
62.4%
0:00All Along the Watchtower
61.6%
2:58Crazy Train
61.3%
4:01Pokemon Theme
59.3%
5:40With a Little Help from My Friends
58.5%
2:45Amish Paradise
58.5%
5:46Candy Shop
51.8%
3:44Dust in the Wind
51.3%
5:57Thunderstruck
51%
4:19Born to Run
50.9%
0:40Replay
50.7%
0:51Theme from Jurassic Park
48.3%
2:17Chop Suey!
47.1%
2:51Lithium
47%
6:15Raindrops Keep Fallin' on My Head
45.9%
5:11Jamming
43.6%
6:26Fortunate Son
42.4%
1:20Gin and Juice
39.6%
2:12Rock You Like a Hurricane
39.5%
1:26Today
39.2%
6:38Takin' Care of Business
38.7%
1:38Lonely
38.6%
Start Time Song Title % Correct
0:23Intergalactic
35.9%
3:27Around the World
35%
3:09Poison
34.4%
0:11Big Poppa
33.5%
2:06Handlebars
31.8%
3:56The Rockafeller Skank
31.5%
6:09I'm Shipping Up to Boston
31%
1:32It's Five O'Clock Somewhere
30.7%
4:25Country Grammar
30.2%
3:50Refugee
27.9%
3:38Memories
27.5%
5:17Get Back
27.5%
5:05Life in the Fast Lane
27.5%
4:59Mad About Me/Cantina Band
25.4%
6:32Get Busy
24.1%
4:53Before I Forget
23.8%
2:23The Metal
23.4%
1:54Hot Buttered Popcorn
22.8%
5:51In-A-Gadda-Da-Vida
19.6%
1:43Bawitdaba
19.4%
6:20Daylight
19.3%
5:23Beast and the Harlot
18.6%
2:34The Ultimate Showdown of Ultimate Destiny
17.1%
3:04Evil Ways
16.8%
3:32Boogie Nights
16.4%
4:30Vi sitter i Ventrilo och spelar DotA
16.1%
1:09Sleep Now in the Fire
14.2%
0:06Holiday in Cambodia
13.7%
0:46Beer
13.7%
5:28It Takes Diff'rent Strokes
13%
6:03Get Together
11.1%
2:40I Tried
9.1%
6:4424' Theme
8.4%
0:28Hammerhead
7.9%
1:15God of Thunder
4.2%

You're not logged in!

Compare scores with friends on all Sporcle quizzes.
OR
Log In

Show Comments

Extras

Top Quizzes Today


Score Distribution

Your Account Isn't Verified!

In order to create a playlist on Sporcle, you need to verify the email address you used during registration. Go to your Sporcle Settings to finish the process.

Report this User

Report this user for behavior that violates our Community Guidelines.

Details: